[Event "7. Open Stadium Casablanca"]
[Site "Zaragoza ESP"]
[Date "2013.12.28"]
[Round "5.2"]
[White "Cruz, Cristhian"]
[Black "Forcen Esteban, Daniel"]
[Result "1/2-1/2"]
[WhiteElo "2549"]
[BlackElo "2511"]
[PlyCount "70"]
[EventDate "2013.12.26"]
[EventType "swiss"]
[EventRounds "9"]
[EventCountry "ESP"]
[Source "lmi"]
[SourceDate "2013.12.26"]

1. Nf3 Nf6 2. c4 g6 3. b4 Bg7 4. Bb2 O-O 5. g3 d5 6. cxd5 Nxd5 7. Bxg7 Kxg7 8.
Qb3 Qd6 9. a3 e5 10. Qb2 f6 11. d3 b5 12. Nbd2 a5 13. bxa5 Rxa5 14. Bg2 c5 15.
O-O Be6 16. Ne4 Qb6 17. Nxe5 fxe5 18. Qxe5+ Nf6 19. Nxc5 Re8 20. Nxe6+ Rxe6 21.
Qb2 Nc6 22. e3 Ne5 23. Rfd1 Ra7 24. Rab1 Nfg4 25. Rd2 Rf7 26. Bd5 Ref6 27. h3
Nxe3 28. Qxe5 Nxd5 29. Qxd5 Rxf2 30. Qe5+ Kg8 31. Rxf2 Qxf2+ 32. Kh1 Qf3+ 33.
Kh2 Qf2+ 34. Kh1 Qf3+ 35. Kh2 Qf2+ 1/2-1/2

[Event "7. Open Stadium Casablanca"]
[Site "Zaragoza ESP"]
[Date "2013.12.28"]
[Round "5.3"]
[White "Strikovic, Aleksa"]
[Black "Firat, Burak"]
[Result "0-1"]
[WhiteElo "2529"]
[BlackElo "2433"]
[PlyCount "98"]
[EventDate "2013.12.26"]
[EventType "swiss"]
[EventRounds "9"]
[EventCountry "ESP"]
[Source "lmi"]
[SourceDate "2013.12.26"]

1. e4 c5 2. d3 e6 3. g3 d5 4. Qe2 Nf6 5. e5 Ng8 6. Nf3 Nc6 7. Bg2 Nge7 8. c3
Nf5 9. h4 h5 10. Bg5 Qb6 11. O-O Be7 12. Bxe7 Ncxe7 13. Na3 Bd7 14. Rfb1 Rc8
15. Nc2 g6 16. Qd2 Kf8 17. Bh3 Kg7 18. Qf4 Qb5 19. Nce1 Qa5 20. Qg5 Rh7 21. a3
Qd8 22. Qd2 Rh8 23. b4 b6 24. b5 a6 25. a4 Ra8 26. c4 Nh6 27. Ng2 dxc4 28. dxc4
Bc8 29. Qf4 Nef5 30. Ne3 Qe7 31. a5 axb5 32. axb6 Rxa1 33. Rxa1 b4 34. Qg5 Bb7
35. Qxe7 Nxe7 36. Nd2 Rb8 37. Nb3 Bf3 38. Ra6 Nc8 39. Ra5 Nxb6 40. Rxc5 Ng4 41.
Bxg4 hxg4 42. Rb5 Nd7 43. Rxb8 Nxb8 44. Nd4 Nc6 45. Nec2 Nxd4 46. Nxd4 Bd1 47.
c5 b3 48. Nb5 b2 49. Nc3 Kf8 0-1

[Event "7. Open Stadium Casablanca"]
[Site "Zaragoza ESP"]
[Date "2013.12.28"]
[Round "5.4"]
[White "Paunovic, Dragan"]
[Black "Kanmazalp, Ogulcan"]
[Result "1/2-1/2"]
[WhiteElo "2500"]
[BlackElo "2414"]
[PlyCount "101"]
[EventDate "2013.12.26"]
[EventType "swiss"]
[EventRounds "9"]
[EventCountry "ESP"]
[Source "lmi"]
[SourceDate "2013.12.26"]

1. Nf3 c5 2. g3 Nc6 3. Bg2 g6 4. O-O Bg7 5. c3 d5 6. d4 cxd4 7. cxd4 e6 8. Nc3
Nge7 9. Bg5 h6 10. Bxe7 Qxe7 11. Qd2 O-O 12. Rac1 Bd7 13. e3 Rfc8 14. Rfd1 f5
15. Nh4 Be8 16. f4 g5 17. Nf3 Bh5 18. Ne2 b6 19. Rc3 Na5 20. b3 Bxf3 21. Bxf3
g4 22. Bg2 Qd7 23. Rdc1 Nc6 24. R1c2 Ne7 25. Bf1 Kf7 26. Qc1 Rxc3 27. Nxc3 Rc8
28. Ba6 Rc7 29. a3 Bf8 30. b4 Ng8 31. Nb5 Rxc2 32. Qxc2 Ne7 33. Qc7 Qxc7 34.
Nxc7 Nc6 35. Bc8 Nd8 36. Ba6 Bd6 37. Nb5 Bb8 38. h3 h5 39. h4 Ke7 40. Kf2 Nf7
41. Ke2 Nd6 42. Nxd6 Bxd6 43. Kd2 Kd8 44. Kc3 Be7 45. Kb3 Bf8 46. Ka4 Bd6 47.
Kb3 Be7 48. Ka4 Bd6 49. Kb3 Be7 50. Kc3 Bd6 51. Kb3 1/2-1/2

[Event "7. Open Stadium Casablanca"]
[Site "Zaragoza ESP"]
[Date "2013.12.28"]
[Round "5.6"]
[White "Sanchez Saez, Francisco"]
[Black "Adla, Diego"]
[Result "0-1"]
[WhiteElo "2295"]
[BlackElo "2486"]
[PlyCount "66"]
[EventDate "2013.12.26"]
[EventType "swiss"]
[EventRounds "9"]
[EventCountry "ESP"]
[Source "lmi"]
[SourceDate "2013.12.26"]

1. e4 e6 2. d4 d5 3. Nc3 Nf6 4. Bg5 Bb4 5. e5 h6 6. Bd2 Bxc3 7. bxc3 Ne4 8. h4
c5 9. Qg4 Kf8 10. Qf4 Nxd2 11. Kxd2 Qa5 12. Rh3 cxd4 13. Bd3 dxc3+ 14. Kd1 Nc6
15. Rf3 Qc7 16. Bg6 f6 17. Re3 Bd7 18. Nf3 Kg8 19. Rxc3 Rf8 20. Rb1 fxe5 21.
Qg3 Be8 22. h5 Bxg6 23. Qxg6 Rf6 24. Qg3 Kh7 25. Rb4 Rhf8 26. Rg4 R8f7 27. Rg6
e4 28. Rxf6 Qxg3 29. Rxf7 exf3 30. Rcxf3 Qg4 31. Kc1 Ne5 32. R3f4 Qxh5 33. Rxb7
Qg5 0-1

[Event "7. Open Stadium Casablanca"]
[Site "Zaragoza ESP"]
[Date "2013.12.28"]
[Round "5.8"]
[White "Oms Pallisse, Josep"]
[Black "Suarez Gomez, Julio"]
[Result "1-0"]
[WhiteElo "2453"]
[BlackElo "2128"]
[PlyCount "61"]
[EventDate "2013.12.26"]
[EventType "swiss"]
[EventRounds "9"]
[EventCountry "ESP"]
[Source "lmi"]
[SourceDate "2013.12.26"]

1. c4 e6 2. Nc3 d5 3. d4 Nf6 4. cxd5 exd5 5. Bg5 c6 6. Qc2 Be7 7. e3 Nbd7 8.
Bd3 O-O 9. Nge2 Re8 10. O-O Nf8 11. Rab1 Be6 12. b4 N6d7 13. Bxe7 Qxe7 14. Nf4
Qd6 15. Rfc1 Rac8 16. Na4 g6 17. h3 f5 18. Nc5 Nxc5 19. Qxc5 Qb8 20. b5 b6 21.
Qa3 cxb5 22. Bxb5 Red8 23. Rxc8 Bxc8 24. Qe7 Qd6 25. Qxa7 g5 26. Nh5 Qg6 27.
Qe7 Rd6 28. Rc1 Re6 29. Qd8 Qxh5 30. Rxc8 Qh6 31. Qxd5 1-0

[Event "7. Open Stadium Casablanca"]
[Site "Zaragoza ESP"]
[Date "2013.12.28"]
[Round "5.9"]
[White "Antonano Fedz-Quincoces, Aveli"]
[Black "Garza Marco, Sergio"]
[Result "0-1"]
[WhiteElo "2071"]
[BlackElo "2447"]
[PlyCount "80"]
[EventDate "2013.12.26"]
[EventType "swiss"]
[EventRounds "9"]
[EventCountry "ESP"]
[Source "lmi"]
[SourceDate "2013.12.26"]

1. e4 g6 2. d4 Bg7 3. Nf3 d6 4. Bc4 c6 5. Nc3 e6 6. O-O b5 7. Bd3 Ne7 8. e5 d5
9. Bg5 Nd7 10. Qd2 h6 11. Bf4 b4 12. Ne2 a5 13. a3 Rb8 14. axb4 axb4 15. h4 c5
16. c4 dxc4 17. Bxc4 Bb7 18. Qd3 Nd5 19. Bg3 O-O 20. Rfd1 Qb6 21. Rac1 cxd4 22.
Qxd4 Qxd4 23. Nexd4 N7b6 24. Bb5 Ne7 25. Nc6 Bxc6 26. Bxc6 Nxc6 27. Rxc6 Rfc8
28. Rdc1 Rxc6 29. Rxc6 Nd5 30. Kf1 Ra8 31. Ke2 Ra2 32. Rc2 Bf8 33. Nd4 Ra1 34.
Kd3 Rd1+ 35. Rd2 Rg1 36. f3 Rh1 37. f4 Bc5 38. Nf3 Be3 39. Rc2 Bxf4 40. Be1
Bxe5 0-1

[Event "7. Open Stadium Casablanca"]
[Site "Zaragoza ESP"]
[Date "2013.12.28"]
[Round "5.13"]
[White "Fernandez Lago, David"]
[Black "Quintin Navarro, Alberto"]
[Result "0-1"]
[WhiteElo "1966"]
[BlackElo "2317"]
[PlyCount "88"]
[EventDate "2013.12.26"]
[EventType "swiss"]
[EventRounds "9"]
[EventCountry "ESP"]
[Source "lmi"]
[SourceDate "2013.12.26"]

1. e4 c5 2. Nf3 g6 3. d4 cxd4 4. Nxd4 Bg7 5. Nc3 Nc6 6. Nb3 Nf6 7. g4 d6 8. g5
Nd7 9. h4 b6 10. Be3 Bb7 11. Nd4 Nc5 12. Bb5 Qd7 13. Nd5 Ne6 14. c3 Rc8 15. Nb4
Ned8 16. Ndxc6 Bxc6 17. Nxc6 Nxc6 18. Bd4 O-O 19. Bxg7 Kxg7 20. Qe2 Qe6 21. Bc4
Qe5 22. Rd1 Qf4 23. Ba6 Rc7 24. Rh3 Ne5 25. Qe3 Qg4 26. Be2 Qe6 27. f4 Nc4 28.
Bxc4 Rxc4 29. Rd4 Rxd4 30. Qxd4+ f6 31. Rg3 Qxa2 32. f5 Qb1+ 33. Kf2 Qxb2+ 34.
Kg1 Qc1+ 35. Kg2 Qf4 36. h5 Qe5 37. hxg6 Qxd4 38. cxd4 hxg6 39. fxg6 Kxg6 40.
gxf6+ Kxf6 41. Rf3+ Kg7 42. Rg3+ Kf7 43. Rf3+ Ke8 44. Ra3 Rf4 0-1

[Event "7. Open Stadium Casablanca"]
[Site "Zaragoza ESP"]
[Date "2013.12.28"]
[Round "5.14"]
[White "Bayo Milagro, Alvaro"]
[Black "Ryan, Joseph"]
[Result "1-0"]
[WhiteElo "1887"]
[BlackElo "2280"]
[PlyCount "127"]
[EventDate "2013.12.26"]
[EventType "swiss"]
[EventRounds "9"]
[EventCountry "ESP"]
[Source "lmi"]
[SourceDate "2013.12.26"]

1. e4 e5 2. Nf3 Nc6 3. Nc3 Nf6 4. d4 exd4 5. Nxd4 Bb4 6. Nxc6 bxc6 7. Bd3 O-O
8. O-O d6 9. Bg5 h6 10. Bh4 Qe7 11. Re1 Qe6 12. Qf3 Ng4 13. Bg3 Ne5 14. Bxe5
Qxe5 15. Bc4 Rb8 16. a3 Bxc3 17. bxc3 Be6 18. Qd3 Rb2 19. Re2 Qc5 20. Bxe6 fxe6
21. h3 e5 22. a4 a5 23. Re3 Rf7 24. Qe2 Kh7 25. Rg3 Rb8 26. Rf1 Rbf8 27. h4 Rf4
28. h5 R8f6 29. Re3 Rf8 30. g3 R4f6 31. Kg2 Qb6 32. Qe1 Rb8 33. c4 Qc5 34. Rb3
Rff8 35. Qc3 Rb6 36. f3 Rfb8 37. Rfb1 Kg8 38. Kh3 Kf7 39. Kg4 Ke6 40. R1b2 Kd7
41. Rb1 Kc8 42. Rxb6 cxb6 43. Qd3 Kc7 44. Rd1 Rf8 45. Kh3 Rf6 46. Kg2 Qb4 47.
Qb3 Qxb3 48. cxb3 Kd7 49. Rh1 Ke6 50. Rh2 g5 51. hxg6 Rxg6 52. Rh5 Kf6 53. Kf2
Kg7 54. f4 exf4 55. gxf4 Rg4 56. Rf5 Rh4 57. Kg3 Rh1 58. e5 Rb1 59. e6 Re1 60.
Rf7+ Kg6 61. f5+ Kg5 62. e7 h5 63. f6 h4+ 64. Kf2 1-0

[Event "7. Open Stadium Casablanca"]
[Site "Zaragoza ESP"]
[Date "2013.12.28"]
[Round "5.15"]
[White "Villuendas Valero, Adrian"]
[Black "Ruperez Benito, Antonio"]
[Result "1-0"]
[WhiteElo "2276"]
[BlackElo "1977"]
[PlyCount "103"]
[EventDate "2013.12.26"]
[EventType "swiss"]
[EventRounds "9"]
[EventCountry "ESP"]
[Source "lmi"]
[SourceDate "2013.12.26"]

1. d4 d5 2. c4 e6 3. Nf3 Nf6 4. g3 b6 5. Bg2 Bb7 6. Ne5 Be7 7. Qa4+ c6 8. Nc3
O-O 9. cxd5 cxd5 10. O-O Qe8 11. Qb3 Nc6 12. Nxc6 Qxc6 13. Bf4 Qd7 14. Rfc1
Rfc8 15. Nb5 Nh5 16. Bd2 a6 17. Nc3 b5 18. e3 Nf6 19. Ne2 Rc4 20. Nf4 Rac8 21.
Nd3 Bd6 22. Qd1 Ne4 23. Be1 Qd8 24. b4 Qc7 25. Nc5 Nxc5 26. bxc5 Rxc1 27. Qxc1
Be7 28. a4 Bc6 29. axb5 axb5 30. Ra5 Qb7 31. Qc3 Ra8 32. Bf1 Rxa5 33. Qxa5 Kf8
34. Bd3 Ke8 35. Bb4 h6 36. Qa1 Kd7 37. Qb1 Bf6 38. Be2 Qa6 39. h4 Ke7 40. f4
Kd7 41. h5 Qa8 42. Kf2 Qa6 43. Bd3 Qa8 44. Kf3 Be7 45. g4 f6 46. Be2 Kc7 47.
Be1 e5 48. fxe5 fxe5 49. Bg3 Bf6 50. Bxb5 Qb7 51. Bd3 Qc8 52. Qb6+ 1-0